000 00664nam a2200289Ia 4500
005 20260324124940.0
008 008 260324s9999 xx 000 0 eng d
020 _a9780203720769
037 _aEBOOK
040 _aCRL
040 _beng
040 _cCRL
041 _2eng
041 _aeng
084 _qCRL
100 _aHilary Synnott
_91176119
245 0 _aTransforming Pakistan
245 0 _bWays Out of Instability
260 _bTaylor and Francis
260 _c2009
365 _a
365 _b290
856 _uhttp://www.taylorfrancis.com/books/9780203720769
942 _cEBOOK
999 _c1770945
_d1770945